000 00754nam a2200265Ia 4500
003 OSt
005 20220926015431.0
006 a|||||r|||| 00| 0
007 ta
008 220923b |||||||| |||| 00| 0 eng d
020 _a033396912X
037 _cGeneral Book
040 _aRTL
_cRTL
_beng
041 _2eng
_aeng
082 _aY9(W6), P4
100 _aKing Roger
_9282868
245 0 _aState,democracy and globalization
260 _aNew York
_bPalgrave Macmillan
_c2004
300 _aix,262p
_ccm.
500 _aBibliography P 242-255
650 _aPolitical Sociology Democracy
_9235638
700 _a Kendall Gavin
_9322256
942 _hY9(W6), P4
_cGB
_2CC
999 _c631516
_d631516